تحميل...

Basic business statistics: Concepts and applications

التفاصيل البيبلوغرافية
المؤلف الرئيسي: Berenson, Mark L; Levine, David M
التنسيق: Printed Book
منشور في: New Jersy Prentice-Hall Inc. Eaglewood Cliffs 1979
الموضوعات:
LEADER 00518nam a2200157 4500
082 |a 650.0212 BER-B 
100 |a Berenson, Mark L; Levine, David M 
245 |a Basic business statistics: Concepts and applications 
250
260 |a New Jersy  |b Prentice-Hall Inc. Eaglewood Cliffs  |c 1979 
300
490
650 |a Business statistics 
942 |c BK 
999 |c 224713  |d 224713 
952 |0 0  |1 0  |4 0  |6 650_021200000000000_BERB  |7 0  |9 238846  |a SDE  |b SDE  |d 2019-12-12  |l 0  |o 650.0212 BER-B  |p SDE4016  |r 2019-12-12  |w 2019-12-12  |y BK